Normal view
MARC view
- تاليف: بوتومور ؛ ترجمة وتقديم: محمد الجوهري، علياء شكري، محمد علي محمد، السيد محمد الحسيني
Entry Personal Name
001 - CONTROL NUMBER
- control field: 16741
003 - CONTROL NUMBER IDENTIFIER
- control field: JO-AjAnu
005 - DATE AND TIME OF LATEST TRANSACTION
- control field: 20230606072953.0
008 - FIXED-LENGTH DATA ELEMENTS
- fixed length control field: 230606|| aca||aabn | a|a d
040 ## - CATALOGING SOURCE
- Original cataloging agency: JO-AjAnu
- Transcribing agency: JO-AjAnu
100 ## - HEADING--PERSONAL NAME
- Personal name: تاليف: بوتومور ؛ ترجمة وتقديم: محمد الجوهري، علياء شكري، محمد علي محمد، السيد محمد الحسيني
670 ## - SOURCE DATA FOUND
- Source citation: Work cat.: (JO-AjAnu)8597: تاليف: بوتومور ؛ ترجمة وتقديم: محمد الجوهري، علياء شكري، محمد علي محمد، السيد محمد الحسيني, author, الطبقات في المجتمع الحديث